Il tempo è un diritto : semplificare la vita, promuovere il cambiamento /

Na minha lista:
Detalhes bibliográficos
Autor Corporativo: Roma. Dipartimento semplificazione amministrativa e comunicazione (Author)
Outros Autores: Cirillo, Carolina, Valentini, Miriam, Sassòli, Filippo
Formato: Livro
Idioma:Língua italiana
Publicado em: Roma : Palombi, stampa 2005
Colecção:Quaderni del Dipartimento semplificazione amministrativa e comunicazione ; Roma 2
Tags: Adicionar Tag
Sem tags, seja o primeiro a adicionar uma tag!

MARC

LEADER 00000nam a22000007i 4500
001 IT\ICCU\RMR\0089009
003 ItRI
005 20240220171149.0
008 070216s2005 it |||||| ||||| |||||c
020 |a 8860600022 
040 |b ita  |c GP 
041 7 |a ita  |2 ISO-639-2 
110 2 |a Roma.  |b Dipartimento semplificazione amministrativa e comunicazione  |0 IT\ICCU\RMRV\020927  |4 aut 
245 0 3 |a Il tempo è un diritto :  |b semplificare la vita, promuovere il cambiamento /  |c Comune di Roma Dipartimento Semplificazione Amministrativa e Comunicazione ; a cura di Carolina Cirillo e Miriam Valentini ; disegni di Filippo Sassoli. 
260 |a Roma :  |b Palombi,  |c stampa 2005 
300 |a 64 p. :  |b ill. ;  |c 24x24 cm. - 
500 |a In testa al front.: S.P.Q.R. 
700 1 |a Cirillo, Carolina  |0 IT\ICCU\RMRV\020926 
700 1 |a Valentini, Miriam  |0 IT\ICCU\RMSV\429884 
700 1 |a Sassòli, Filippo  |0 IT\ICCU\VEAV\029136 
830 0 |a Quaderni del Dipartimento semplificazione amministrativa e comunicazione ;  |v 2  |a Roma  |0 IT\ICCU\RMB\0573812 
942 |2 ddc  |c BK 
952 |0 0  |1 0  |2 ddc  |4 0  |6 306_000000000000000_COM  |7 1  |9 667  |a RM  |b RM  |d 2024-02-20  |l 0  |o 306 COM  |p 231  |r 2024-02-20 17:12:13  |w 2024-02-20  |y BK 
981 1 |6 z01  |a i   |b xxxe  
982 1 |6 z01  |a n 
999 |c 625  |d 625